banner

Segunda encuesta nacional de factores de riesgo: (Registro nro. 1239)

000 -LEADER
fixed length control field 00931nam a22001817 4500
003 - CONTROL NUMBER IDENTIFIER
control field AR-BaISA
005 - DATE AND TIME OF LATEST TRANSACTION
control field 20221219160223.0
007 - PHYSICAL DESCRIPTION FIXED FIELD--GENERAL INFORMATION
fixed length control field ta
008 - FIXED-LENGTH DATA ELEMENTS--GENERAL INFORMATION
fixed length control field 221219s2011 ag ad||| |||| 000 0 spa d
040 ## - CATALOGING SOURCE
Language of cataloging spa
Transcribing agency AR-BaISA
082 04 - DEWEY DECIMAL CLASSIFICATION NUMBER
Edition number 22
Classification number R362.1 F119
245 10 - TITLE STATEMENT
Title Segunda encuesta nacional de factores de riesgo:
Remainder of title para enfermedades no transmisibles
260 ## - PUBLICATION, DISTRIBUTION, ETC.
Place of publication, distribution, etc. Buenos Aires:
Name of publisher, distributor, etc. Ministerio de Salud de la Nación,
Date of publication, distribution, etc. 2011
300 ## - PHYSICAL DESCRIPTION
Extent 244 p.:
Other physical details il., gráfs., tablas
505 ## - FORMATTED CONTENTS NOTE
Title Aspectos metodológicos --
-- Cobertura y acceso a la atención médica --
-- Salud general y calidad de vida --
-- Tabaco --
-- Alimentación saludable --
-- Actividad física --
-- Alcohol --
-- Hipertensión arterial --
-- Colesterol elevado --
-- Diabetes --
-- Peso corporal --
-- Medidas preventivas --
-- Lesiones por causas externas --
-- Equipo de trabajo --
-- ANEXO: Cuestionario
650 10 - SUBJECT ADDED ENTRY--TOPICAL TERM
9 (RLIN) 2723
Topical term or geographic name entry element Factores de riesgo
Form subdivision encuestas y cuestionarios
942 ## - ADDED ENTRY ELEMENTS (KOHA)
Source of classification or shelving scheme
Koha item type Libros
Edition 22
Existencias
Withdrawn status Lost status Source of classification or shelving scheme Damaged status Not for loan Permanent Location Current Location Date acquired Inventory number Full call number Barcode Date last seen Copy number Price effective from Koha item type
          Biblioteca ISALUD. Dr. Néstor Rodríguez Campoamor Biblioteca ISALUD. Dr. Néstor Rodríguez Campoamor 2022-12-19 1145 R362.1 F119 1145 2022-12-19 ej. 1 2022-12-19 Libros
          Biblioteca ISALUD. Dr. Néstor Rodríguez Campoamor Biblioteca ISALUD. Dr. Néstor Rodríguez Campoamor 2022-12-19 1146 R362.1 F119 1146 2022-12-19 ej. 2 2022-12-19 Libros